000 00592nam a2200217 4500
003 OSt
005 20240722055940.0
006 a
008 240722b |||||||| |||| 00| 0 eng d
020 _a9789715812092
040 _aDWCL-Main lib.
_cOC
082 _aCirc. 306.874 W583c 2010
100 _aWhite, Ellen G.
245 _aChild guidance /
260 _aManila :
_bPhilippine Pub. House,
_cc2010.
300 _b219 p. : ill. ;
_c21 cm.
650 _a1. Child rearing.
650 _a2. Parenting.
650 _a3. Parent and child relationship.
942 _2ddc
_n0
_cBK-CIRC
_kCirc.
999 _c2520
_d2520